The world court's advisory opinion on the Austro-German customs union case. (Record no. 89799)

MARC details
000 -LEADER
fixed length control field 00879cam a22002771 4500
001 - CONTROL NUMBER
control field sd 32000018
003 - CONTROL NUMBER IDENTIFIER
control field DLC
005 - DATE AND TIME OF LATEST TRANSACTION
control field 20260227112732.0
008 - FIXED-LENGTH DATA ELEMENTS--GENERAL INFORMATION
fixed length control field 801105s1931 nyu u000 0 eng c
010 ## - LIBRARY OF CONGRESS CONTROL NUMBER
LC control number sd 32000018
035 ## - SYSTEM CONTROL NUMBER
System control number (OCoLC)6904680
040 ## - CATALOGING SOURCE
Original cataloging agency U. S. Dept. of State Library
Transcribing agency OkTahN
Modifying agency DLC
042 ## - AUTHENTICATION CODE
Authentication code premarc
043 ## - GEOGRAPHIC AREA CODE
Geographic area code e-au---
-- e-ge---
050 00 - LIBRARY OF CONGRESS CALL NUMBER
Classification number HF1733.G4
Item number A45
110 2# - MAIN ENTRY--CORPORATE NAME
Corporate name or jurisdiction name as entry element American Foundation.
245 14 - TITLE STATEMENT
Title The world court's advisory opinion on the Austro-German customs union case.
260 ## - PUBLICATION, DISTRIBUTION, ETC.
Place of publication, distribution, etc. New York,
Name of publisher, distributor, etc. American Foundation, incorporated,
Date of publication, distribution, etc. 1931.
300 ## - PHYSICAL DESCRIPTION
Extent 39 p.
Dimensions 26 cm.
500 ## - GENERAL NOTE
General note Cover title.
610 20 - SUBJECT ADDED ENTRY--CORPORATE NAME
Corporate name or jurisdiction name as entry element Permanent Court of International Justice.
651 #0 - SUBJECT ADDED ENTRY--GEOGRAPHIC NAME
Geographic name Germany
General subdivision Foreign relations
Geographic subdivision Austria.
651 #0 - SUBJECT ADDED ENTRY--GEOGRAPHIC NAME
Geographic name Austria
General subdivision Foreign relations
Geographic subdivision Germany.
740 0# - ADDED ENTRY--UNCONTROLLED RELATED/ANALYTICAL TITLE
Uncontrolled related/analytical title World court.
740 0# - ADDED ENTRY--UNCONTROLLED RELATED/ANALYTICAL TITLE
Uncontrolled related/analytical title Austro-German customs union.

No items available.

Powered by Koha